000 00729nam a2200289Ia 4500
005 20260324130606.0
008 008 260324s9999 xx 000 0 eng d
020 _a9780429241772
037 _aEBOOK
040 _aCRL
040 _beng
040 _cCRL
041 _2eng
041 _aeng
084 _qCRL
100 _aAlan Dobson
_91182361
245 0 _aGlobalization and Regional Integration
245 4 _bThe origins, development and impact of the single European aviation market
260 _bTaylor and Francis
260 _c2007
365 _a
365 _b160
856 _uhttp://www.taylorfrancis.com/books/9780429241772
942 _cEBOOK
999 _c1778665
_d1778665